Mastication of rubber. IV. Polymerization of vinyl manomers by the cold mastication of rubber (Record no. 45562)

MARC details
000 -LEADER
fixed length control field 00425nam a2200145Ia 4500
100 ## - MAIN ENTRY--AUTHOR NAME
Personal name Angier D J
245 #0 - TITLE STATEMENT
Title Mastication of rubber. IV. Polymerization of vinyl manomers by the cold mastication of rubber
260 ## - PUBLICATION, DISTRIBUTION, ETC. (IMPRINT)
Name of publisher Journal of Polymer Science
Year of publication 1956
300 ## - PHYSICAL DESCRIPTION
Number of Pages 235-250
650 ## - SUBJECT ADDED ENTRY--TOPICAL TERM
Topical Term Cold mastication
650 ## - SUBJECT ADDED ENTRY--TOPICAL TERM
Topical Term Mastication
700 ## - ADDED ENTRY--PERSONAL NAME
Personal name Watson W F
942 ## - ADDED ENTRY ELEMENTS (KOHA)
Koha item type Reprints
Holdings
Withdrawn status Lost status Damaged status Not for loan Home library Current library Shelving location Date acquired Serial Enumeration / chronology Accession Number Koha item type
      Reprints RRII Library RRII Library Rubber chemistry 22/12/2021 Volume XX, Issue P01515 Reprints